Instalaciones eléctricas (Registro nro. 599)
[ vista simple ]
| 000 -CABECERA | |
|---|---|
| campo de control de longitud fija | 00678aam a2200253 4500 |
| 005 - FECHA Y HORA DE ACTUALIZACIÓN | |
| campo de control | 20200127094037.0 |
| 008 - LONGITUD FIJA | |
| campo de control de longitud fija | 150818b xxu||||| |||| 00| 0 spa d |
| 041 ## - IDIOMA | |
| Código de idioma del texto/pista de sonido o título separado | |
| 082 ## - CLASIFICACIÓN DECIMAL DEWEY | |
| Número de clasificación | 621.319.25 S461i |
| 100 ## - AUTOR PERSONAL | |
| Nombre de persona | Seip, Gunter |
| 245 ## - TÍTULO PROPIAMENTE DICHO | |
| Título | Instalaciones eléctricas |
| 250 ## - EDICIÓN | |
| Mención de edición | 2 edición |
| 260 ## - PIE DE IMPRENTA | |
| Lugar de publicación, distribución, etc. | Alemania |
| 260 ## - PIE DE IMPRENTA | |
| Nombre del editor, distribuidor, etc. | Siemens Aktiengesellschaft |
| 260 ## - PIE DE IMPRENTA | |
| Fecha de publicación, distribución, etc. | 1978 |
| 300 ## - DESCRIPCIÓN FÍSICA | |
| Extensión | 1514 páginas |
| 500 ## - NOTA GENERAL | |
| Nota general | Tomo III |
| 650 ## - Materia General | |
| Materia general | ENERGIA ELECTRICA |
| 650 ## - Materia General | |
| Materia general | NORMAS DE INSTALACION |
| 650 ## - Materia General | |
| Materia general | MEDIDAS DE SEGURIDAD |
| 650 ## - Materia General | |
| Materia general | INSTALACIONES DE INTEMPERIE |
| 650 ## - Materia General | |
| Materia general | INSTALACIONES ELECTRICAS |
| 942 ## - Punto de Acceso Adicional Koha | |
| Tipo de ítem Koha | Libro |
No hay ítems disponibles.